00435 a2200145 4500050002100000245008400021264003900105300001200144500002800156650001500184700002400199700002300223700002100246700002200267 aKTL19.A35SOU1996 aSouth African Law Reports:b1996 (2) April /cedited by Fisher D S [et ...al] aCape Town:bJuta and CO,LTD,c1996 a338p. : aincludes table of cases alaw report aBarrow Oweneeditor aCavvadas Jeeditor aHanmer Ndeditor aPiennar Geeditor